Multiple Choice City Quiz – Rome - Statistics

General Stats
  • This quiz has been taken 25,258 times
  • The average score is 7 of 10
Answer Stats
Question Answer % Correct
What is the nickname of Rome? The Eternal City
84%
Which of these is a symbol of the city of Rome? A she-wolf nursing two infants
81%
What 1960 film epitomized the carefree, post-war boom years in Rome? La Dolce Vita
81%
The Vatican is home to the world's largest church. Who is this church named for? St. Peter
80%
What river flows through Rome? Tiber
77%
In ancient Rome, what was the Circus Maximus? A chariot racing stadium
76%
What Roman dish traces its origins to 1944, when the U.S. Army brought plentiful amounts of cheap bacon into the city? Spaghetti alla carbonara
69%
In what region of Italy is Rome located? Lazio
62%
What is the traditional date of Rome's founding? 753 BC
47%
What do people hope to gain by throwing a coin in Trevi Fountain? A return visit to Rome
46%
No matching quizzes found
Score Distribution
Percent of People with Each Score
Percentile by Number Answered
Your Score History
You have not taken this quiz